Lo-Fi Sci-Fi by Poster - Statistics

General Stats
  • This quiz has been taken 7 times
  • The average score is 10 of 16
Answer Stats
Picture Answer % Correct
Beyond the Black Rainbow
86%
Moon
86%
Robot & Frank
86%
Safety Not Guaranteed
86%
Monsters
71%
Primer
71%
Alphaville
57%
Another Earth
57%
The Science of Sleep
57%
Antiviral
43%
Bellflower
43%
Holy Motors
43%
Take Shelter
43%
The American Astronaut
43%
The FP
43%
The Sound of My Voice
43%
No matching quizzes found
Score Distribution
Percent of People with Each Score
Percentile by Number Answered
Your Score History
You have not taken this quiz